Statistics for Difficult Avatar Quiz

Click here to take the quiz!

General Stats

  • This quiz has been taken 210 times
    (81 since last reset)
  • The average score is 18 of 33

Answer Stats

QuestionAnswer% Correct
How many sisters does Ty Lee have?6
89%
How old is Azula?14
88%
Can all Earthbenders bend metal?No
83%
Who taught Katara to Bloodbend?Hama
80%
What is Omashu renamed after its capture by the Fire Nation?New Ozai
80%
What new Airbending technique was invented by Aang?Air Scooter
78%
What name was used by Zuko while in Ba Sing Se?Lee
78%
What is the name of the Earth King's pet bear?Bosco
75%
What is the name of Katara and Sokka's Grandmother?Kanna
75%
Easy One - Who should Katara have ended up in a relationship with?Zuko
75%
Who was the Fire Lord before Ozai?Azulon
74%
Who was the leader of the Dai Li?Long Feng
66%
Who was the Avatar before Kyoshi?Kuruk
65%
What is the name of the Ocean Spirit?La
63%
What is the name of the Airbender Avatar before Aang?Yangchen
62%
Other than Fung, which member of the Order of the White Lotus is a non-bender?Piandao
57%
What false name does Katara use in the episode 'The Headband'?Sapphire Fire
52%
What is the name of the panda spirit from Book One?Hei Bai
51%
Who is the Earth King during the series?Kuei
43%
The process of finding the new Air Nomad Avatar is similar to the process to discover the identity of which real life person?Dalai Lama
42%
What was the name of Avatar Roku's dragon?Fang
40%
How many tiers had Aang mastered when he got his tatoos?35
37%
Zuko goes on a date in the episode 'Tales of Ba Sing Se'. What was the name of the girl he went on the date with?Jin
37%
How many tiers of Airbending must be mastered to earn tatoos?36
34%
What is the name of Tyro's son?Haru
34%
What was the name of Avatar Roku's Earthbending teacher?Sud
31%
Who does Azula flirt with at the beach party?Chan
29%
What is Iroh's favourite type of tea?Ginseng
28%
Who voices Fire Lord Ozai?Mark Hamill
28%
Who were the original airbenders?Flying bisons
26%
In which episode do we finally see Fire Lord Ozai's face?The Awakening
25%
The Mechanist's blueprints are visible in the episode 'The Northern Air Temple'. What do they depict?The Drill
15%
Which Chakra does Aang fail to open during 'The Guru'?Thought
14%

Score Distribution

Percentile by Number Answered

Percent of People with Each Score

Your Score History

You have not taken this quiz since the last reset